Top 10 des communes de France par lettre - Q - Statistiques

Statistiques générales
  • Ce quiz a été pris 100 fois
  • Le résultat moyen est 2 sur 10
Statistiques - réponses
Région Population Commune % Correct
Bretagne 64.530 Quimper
100%
Bretagne 12.444 Quimperlé
64%
Île-de-France 9.491 Quincy-sous-Sénart
14%
Île-de-France 5.506 Quincy-Voisins
14%
Bourgogne-Franche-Comté 8.897 Quetigny
13%
Bretagne 8.081 Questembert
10%
Hauts-de-France 6.863 Quesnoy-sur-Deûle
7%
Bretagne 8.906 Quéven
7%
Occitanie 6.059 Quint-Fonsegrives
6%
Hauts-de-France 6.078 Quiévrechain
3%
Aucun quiz correspondant
Distribution des résultats
% des personnes avec chaque résultat
Percentile par nombre de réponses
Votre historique - résultats
Vous n’avez pas pris ce quiz